5 Largest Political Parties In Every Country N-Z - Statistics

General Stats
  • This quiz has been taken 21 times
    10 since last reset
  • The average score is 89 of 322
Answer Stats
Country Positions Symbols Answer % Correct
São Tomé and Príncipe Centre Basta Movement / Democratic Convergence Party
86%
South Ossetia Far Left Communist Party of South Ossetia
86%
Russia Far Left Communist Party of the Russian Federation
86%
Vietnam Far Left Communist Party of Vietnam
86%
United States Centre to Centre Left Democratic Party
86%
Thailand Centre Democrat Party
86%
New Zealand Left Green Party
86%
Switzerland Centre Left Green Party
86%
United States Centre Left Green Party of the United States
86%
Netherlands Centre Left Labour Party
86%
New Zealand Centre Left Labour Party
86%
Nigeria Centre Left Labour Party
86%
Norway Centre Left Labour Party
86%
United Kingdom Centre Left Labour Party
86%
Rwanda Centre Liberal Party
86%
San Marino Centre Left Libera San Marino / Socialist Party
86%
Seychelles Centre Linyon Demokratik Seselwa
86%
Saint Kitts and Nevis Centre Left Saint Kitts and Nevis Labour Party
86%
Saint Lucia Centre Left Saint Lucia Labour Party
86%
Saint Vincent and the Grenadines Left Saint Vincent and the Grenadines Green Party
86%
Transnistria Far Left Transnistrian Communist Party
86%
United Kingdom Centre Right Conservative and Unionist Party
71%
Norway Centre Right Conservative Party
71%
Northern Cyprus Centre Right Democratic Party
71%
Solomon Islands Centre Democratic Party
71%
South Korea Centre Democratic Party
71%
Tajikistan Centre Right Democratic Party
71%
Timor-Leste Centre Democratic Party
71%
Uganda Centre Right Democratic Party
71%
Zambia Centre Left Democratic Party
71%
Tonga Big Tent Democratic Party of the Friendly Islands
71%
Turkmenistan Big Tent Democratic Party of Turkmenistan
71%
Netherlands Right Farmer–Citizen Movement
71%
Palestine Centre Left Fatah
71%
Palestine Right Hamas
71%
Taiwan Right Kuomintang
71%
United States Centre Right to Right Libertarian Party
71%
São Tomé and Príncipe Centre Left MCI – Socialist Party
71%
New Zealand Centre Right National Party
71%
Uruguay Centre Right National Party
71%
Suriname Centre Left National Party of Suriname
71%
Transnistria Centre Obnovlenie
71%
United States Right Republican Party
71%
Seychelles Right Seychelles Democratic Party
71%
Singapore Centre Singapore Democratic Party
71%
Slovenia Right Slovenian Democratic Party
71%
Switzerland Centre Left Social Democratic Party
71%
Portugal Centre Left Socialist Party
71%
Zambia Left Socialist Party
71%
Serbia Centre Left Socialist Party of Serbia
71%
Tajikistan Left Socialist Party of Tajikistan
71%
Somaliland Syncretic Somaliland National Party
71%
Spain Left Sumar
71%
Namibia Left SWAPO
71%
Senegal Centre Takku Wallu Sénégal
71%
South Africa Centre Left African National Congress
57%
Poland Centre Right Civic Platform
57%
Nepal Far Left Communist Party of Nepal (Maoist Centre)
57%
Portugal Centre Left LIVRE
57%
Philippines Centre Right Nacionalista Party
57%
South Ossetia Centre Left People's Party
57%
Spain Centre Right People's Party
57%
Thailand Centre Left People's Party
57%
Netherlands Centre Right People's Party for Freedom and Democracy
57%
Poland Centre Right Polish People's Party
57%
Palestine Far Left Popular Front for the Liberation of Palestine
57%
South Korea Left Progressive Party
57%
Nicaragua Left Sandinista National Liberation Front
57%
United Kingdom Centre Left Scottish National Party
57%
Serbia Big Tent Serbian Progressive Party
57%
Sierra Leone Centre Left Sierra Leone People's Party
57%
United Kingdom Centre Left Sinn Féin
57%
Switzerland Right Swiss People's Party
57%
Taiwan Centre Left Taiwan People's Party
57%
Trinidad and Tobago Single Issue Tobago People's Party
57%
Solomon Islands Centre United Party
57%
Singapore Centre Left Workers' Party
57%
New Zealand Right ACT
43%
Tanzania Left Alliance for Change and Transparency
43%
Norway Centre Centre Party
43%
Sweden Centre Right Centre Party
43%
Portugal Right CHEGA!
43%
Netherlands Centre Christian Democratic Appeal
43%
Paraguay Centre Right Colorado Party
43%
Uruguay Right Colorado Party
43%
South Africa Centre Democratic Alliance
43%
Panama Centre Right Democratic Change
43%
South Africa Far Left Economic Freedom Fighters
43%
Peru Left Free Peru
43%
Netherlands Centre Left GroenLinks
43%
South Africa Right Inkatha Freedom Party
43%
North Korea Left Korean Social Democratic Party
43%
Poland Right Law and Justice
43%
Sweden Left Left Party
43%
Slovenia Left Levica
43%
United Kingdom Centre Liberal Democrats
43%
São Tomé and Príncipe Centre Left MLSTP – Social Democratic Party
43%
Togo Centre Left National Alliance for Change
43%
New Zealand Right New Zealand First
43%
Zambia Centre Left Patriotic Front
43%
Suriname Single Issue Pertjajah Luhur
43%
Slovakia Centre Progressive Slovakia
43%
Norway Right Progress Party
43%
Singapore Centre Progress Singapore Party
43%
Türkiye Centre Left Republican People's Party
43%
Papua New Guinea Centre Left Social Democratic Party
43%
Portugal Centre Right Social Democratic Party
43%
Romania Centre Let Social Democratic Party
43%
Rwanda Centre Left Social Democratic Party
43%
North Macedonia Centre Left Social Democratic Union of Macedonia
43%
Slovenia Centre Left Social Democrats
43%
Spain Centre Left Spanish Socialist Workers' Party
43%
Sweden Right Sweden Democrats
43%
Sweden Centre Left Swedish Social Democratic Party
43%
Switzerland Centre The Centre
43%
North Macedonia Far Left The Left
43%
Spain Far Right Vox
43%
North Korea Far Left Workers' Party of Korea
43%
Romania Far Right Alliance for the Union of Romanians
29%
Nigeria Centre All Progressives Congress
29%
Uruguay Centre Left Broad Front
29%
Slovakia Centre Right Christian Democratic Movement
29%
United States Far Right Constitution Party
29%
Taiwan Centre Democratic Progressive Party
29%
Slovakia Centre Left Direction – Social Democracy
29%
Türkiye Centre Right Good Party
29%
Türkiye Right Justice and Development Party
29%
Russia Right Liberal Democratic Party of Russia
29%
Sweden Centre Right Moderate Party
29%
Romania Centre Right National Liberal Party
29%
Sri Lanka Left National People's Power
29%
Nepal Centre Nepali Congress
29%
Taiwan Centre Left New Power Party
29%
Pakistan Centre Left Pakistan People's Party
29%
Panama Centre Right Panameñista Party
29%
South Korea Right People Power Party
29%
Singapore Centre Right People's Action Party
29%
Nigeria Centre Right Peoples Democratic Party
29%
Uzbekistan Centre People's Democratic Party of Uzbekistan
29%
Serbia Centre Right People's Movement of Serbia
29%
Peru Centre Right Podemos Perú
29%
Western Sahara Left Polisario Front
29%
Paraguay Centre Left Progressive Democratic Party
29%
Trinidad and Tobago Centre Left Progressive Democratic Patriots
29%
Spain Centre Left Republican Left of Catalonia
29%
Rwanda Big Tent Rwandan Patriotic Front
29%
San Marino Centre Right Sammarinese Christian Democratic Party
29%
Ukraine Centre Servant of the People
29%
South Africa Left uMkhonto weSizwe
29%
Russia Big Tent United Russia
29%
Venezuela Left United Socialist Party of Venezuela
29%
Uzbekistan Centre Right Uzbekistan Liberal Democratic Party
29%
Zimbabwe Big Tent ZANU–PF
29%
Turkmenistan Big Tent Agrarian Party of Turkmenistan
14%
Russia Centre A Just Russia — For Truth
14%
Peru Centre Right Alliance for Progress
14%
Sierra Leone Centre Left All People's Congress
14%
Yemen Right Ansar Allah
14%
Ukraine Centre Left Batkivshchyna
14%
Tanzania Centre Left Chama Cha Mapinduzi
14%
Nepal Left Communist Party of Nepal (Unified Marxist–Leninist)
14%
Saint Kitts and Nevis Centre Right Concerned Citizens' Movement
14%
Venezuela Centre Left Democratic Action
14%
Ukraine Centre Right European Solidarity
14%
Switzerland Centre FDP.The Liberals
14%
North Macedonia Centre Left For Our Macedonia
14%
Syria Right to Far Right Hay'at Tahrir al-Sham
14%
Ukraine Centre Right Holos
14%
Samoa Centre Right Human Rights Protection Party
14%
Philippines Centre Right Lakas–Christian Muslim Democrats
14%
Namibia Centre Left Landless People's Movement
14%
Portugal Centre Right Liberal Initiative
14%
Suriname Centre Left National Democratic Party
14%
Türkiye Far Right Nationalist Movement Party
14%
Philippines Centre Right National Unity Party
14%
Uganda Centre Left National Unity Platform
14%
Poland Centre Left New Left
14%
South Korea Centre Right New Reform Party
14%
Slovenia Centre Right New Slovenia - Christian Democrats
14%
Pakistan Centre Right Pakistan Muslim League (N)
14%
Pakistan Centre Pakistan Tehreek-e-Insaf
14%
Philippines Big Tent Partido Federal ng Pilipinas
14%
San Marino Centre Right Party of Socialists and Democrats
14%
Saint Kitts and Nevis Centre People's Labour Party
14%
Timor-Leste Centre People's Liberation Party
14%
Thailand Centre Right Pheu Thai Party
14%
Poland Centre Poland 2050
14%
Panama Right Realizing Goals
14%
Timor-Leste Centre Left Revolutionary Front for an Independent East Timor
14%
Venezuela Far Left Revolutionary Movement Tupamaro
14%
Norway Left Socialist Left Party
14%
Yemen Centre Left Southern Movement / Southern Transitional Council
14%
South Sudan Centre Left Sudan People's Liberation Movement
14%
South Sudan Centre Left Sudan People's Liberation Movement-in-Opposition
14%
Somalia Centre Tayo
14%
Uganda Centre Left Uganda People's Congress
14%
Togo Right Union for the Republic
14%
Trinidad and Tobago Centre Left United National Congress
14%
North Macedonia Centre Right VMRO–DPMNE
14%
Slovakia Centre Left Voice – Social Democracy
14%
Somalia Centre Left Wadajir Party
14%
Namibia Left Affirmative Repositioning
0%
Tanzania Centre N/A African Democratic Alliance Party
0%
Senegal Left African Patriots of Senegal for Work, Ethics and Fraternity
0%
Tajikistan Centre Agrarian Party of Tajikistan
0%
Nicaragua Centre Right Alliance for the Republic
0%
Togo Centre Left Alliance of Democrats for Integral Development
0%
Nigeria Big Tent All Progressives Grand Alliance
0%
Senegal Centre Left Andu Nawlé
0%
Panama Big Tent Another Way Movement
0%
Paraguay Centre Authentic Radical Liberal Party
0%
Paraguay Centre Beloved Fatherland Party
0%
Thailand Centre Right Bhumjaithai Party
0%
North Korea Single Issue Chondoist Chongu Party
0%
Zimbabwe Centre Left Citizens Coalition For Change
0%
Tanzania Centre Civic United Front
0%
Trinidad and Tobago Centre Left Congress of the People
0%
Nicaragua Right Constitutionalist Liberal Party
0%
Togo Centre Left Democratic Forces for the Republic
0%
Rwanda Centre Left Democratic Green Party of Rwanda
0%
Panama Centre Left Democratic Revolutionary Party
0%
North Macedonia Centre Left Democratic Union for Integration
0%
Somalia Far Right Alliance for the Re-liberation of Somalia
0%
San Marino Centre Left Domani — Motus Liberi
0%
Togo Centre Dynamic for the Majority of the People
0%
Uzbekistan Left Ecological Party of Uzbekistan
0%
Samoa Centre Right Fa'atuatua i le Atua Samoa ua Tasi
0%
Venezuela Left Fatherland for All
0%
Uganda Centre Right Forum for Democratic Change
0%
Slovenia Centre Freedom Movement
0%
San Marino Centre Right Future Republic
0%
Suriname Centre Left General Liberation and Development Party
0%
Yemen Centre General People's Congress
0%
Serbia Left Green–Left Front
0%
Paraguay Centre Left Guasú Front
0%
Vanuatu Centre Iauko Grup
0%
Rwanda Centre Right Ideal Democratic Party
0%
Sri Lanka Centre Left Ilankai Tamil Arasu Kachchi
0%
São Tomé and Príncipe Centre Independent Democratic Action
0%
Nicaragua Centre Right Independent Liberal Party
0%
Namibia Centre Independent Patriots for Change
0%
South Ossetia Centre Right Iry Farn
0%
Pakistan Far Right Jamiat Ulema-e-Islam (F)
0%
Senegal Centre Left Jàmm ak Njariñ
0%
Uzbekistan Centre Left Justice Social Democratic Party
0%
Somalia Centre Right Kaah
0%
Somaliland Centre Left Kaah Alliance for Equality and Development
0%
Solomon Islands Centre Right N/A Kadere Party
0%
Timor-Leste Centre Left Kmanek Haburas Unidade Nasional Timor Oan
0%
Somaliland Centre Left Kulmiye Peace, Unity, and Development Party
0%
Tonga Centre Langafonua 'a e Masiva
0%
Vanuatu Centre Leaders Party of Vanuatu
0%
Zimbabwe Centre Left Movement for Democratic Change
0%
Venezuela Left Movement We Are Venezuela
0%
Seychelles Centre Left Movman Linite Seselwa
0%
Pakistan Centre Left Muttahida Qaumi Movement – Pakistan
0%
Papua New Guinea Centre National Alliance
0%
Timor-Leste Centre Left National Congress for Timorese Reconstruction
0%
Saint Lucia Centre Left National Green Party
0%
Philippines Centre Right Nationalist People's Coalition
0%
Uganda Right National Resistance Movement
0%
Northern Cyprus Right National Unity Party
0%
Saint Kitts and Nevis Single Issue Nevis Reformation Party
0%
Sri Lanka Centre Right New Democratic Front
0%
Saint Vincent and the Grenadines Centre Right New Democratic Party
0%
Nigeria Syncretic New Nigeria People's Party
0%
Russia Centre Right New People
0%
Nicaragua Centre Right Nicaraguan Liberal Alliance
0%
Taiwan Centre Non-Partisan Solidarity Union
0%
South Ossetia Centre Left Nykhas
0%
Uruguay Far Right Open Cabildo
0%
Solomon Islands Centre OUR Party
0%
Thailand Right Palang Pracharath Party
0%
Palestine Centre Left Palestinian National Initiative
0%
Papua New Guinea Centre Pangu Pati
0%
Tanzania Centre Right Party for Democracy and Progress
0%
Tajikistan Centre Right Party of Economic Reforms
0%
Serbia Centre Left Party of Freedom and Justice
0%
Turkmenistan Big Tent Party of Industrialists and Entrepreneurs of Turkmenistan
0%
Zambia Centre Right Party of National Unity and Progress
0%
Saint Kitts and Nevis Centre Right People's Action Movement
0%
Tajikistan Big Tent People's Democratic Party of Tajikistan
0%
Türkiye Centre Left Peoples' Equality and Democracy Party
0%
Papua New Guinea Centre People's National Congress
0%
Trinidad and Tobago Centre People's National Movement
0%
Ukraine Centre Left Platform for Life and Peace
0%
Peru Big Tent Popular Action
0%
Namibia Centre Right Popular Democratic Movement
0%
Peru Right Popular Force
0%
Suriname Centre Left Progressive Reform Party
0%
Nepal Right Rastriya Prajatantra Party
0%
Nepal Centre Rastriya Swatantra Party
0%
Northern Cyprus Centre Right Rebirth Party
0%
South Korea Centre Left Rebuilding Korea Party
0%
Singapore Centre Left Red Dot United
0%
Northern Cyprus Centre Left Republican Turkish Party
0%
Vanuatu Centre Rural Development Party
0%
Sri Lanka Centre Left Samagi Jana Balawegaya
0%
Senegal Big Tent Sàmm Sa Kàddu
0%
Samoa Right Samoa First
0%
Samoa Single Issue Samoa National Democratic Party
0%
Romania Centre Right Save Romania Union
0%
Solomon Islands Centre SIPRA
0%
Slovakia Centre Right Slovakia
0%
Romania Far Right S.O.S. Romania
0%
South Sudan Big Tent South Sudan Opposition Alliance
0%
Uruguay Far Right Sovereign Identity
0%
Sri Lanka Right Sri Lanka Podujana Peramuna
0%
Samoa Centre Left Tautua Samoa Party
0%
South Sudan Centre Left N/A The National Agenda
0%
Palestine Centre Left N/A Third Way
0%
Somalia Centre Right Union for Peace and Development Party
0%
Vanuatu Centre Right Union of Moderate Parties
0%
South Ossetia Centre Right United Ossetia
0%
Zambia Centre Left United Party for National Development
0%
Papua New Guinea Centre United Resources Party
0%
Seychelles Centre Left United Seychelles
0%
South Sudan Centre Left United South Sudan African Party
0%
Saint Lucia Centre Right United Workers Party
0%
Saint Vincent and the Grenadines Left Unity Labour Party
0%
Uzbekistan Right Uzbekistan National Revival Democratic Party
0%
Vanuatu Centre Left Vanua'aku Pati
0%
No matching quizzes found
Score Distribution
Percent of People with Each Score
Percentile by Number Answered
Your Score History
You have not taken this quiz since the last reset